03097nam a2200433 i 4500001001000000003000900010005001700019007000300036008004100039020001800080020001500098040003000113041000800143082002200151100004000173245018000213250002200393264003600415300004500451336002700496337003300523338002800556504003600584505093400620590002601554650004401580650005601624650003501680650001801715700004801733910003701781942001401818952016201832952016201994952018802156952015002344952015602494999001302650000000498DO-SdBNP20260323145454.0ta081031s2007 dr a 000 0 spa d a9789945161434 a9945161431 aDO-SdBNPbspacBNPHUerda aspa 4a302.23bM559r2221 aMerejo, Andrés,eautor4aut.946913aLa República Dominicana en el ciberespacio de la internet :bensayo filosófico cibercultural y cibersocial (1995-2007) /cAndrés Merejo ; edición Diógenes Céspedes aprimera edición 1aSanto Domingo :bBúho,c2007. a125 páginas :bilustraciones ;c21 cm. atextobtxt2rdacontent asin mediaciónbn2rdamedia avolumenbnc2rdacarrier aBibliografia: páginas 118-1220 aIntroducción -- Filosofía ciberespacial -- Punto de partida -- Entre redes -- Fundamentos filosóficos del ciberespacio -- Distinción entre la internet y el ciberespacio -- Delimitación filosófica entre lo real y lo virtual -- Punto de llegada -- Filosofando sobre el ciberespacio -- Viajero del ciberespacio -- Heráclito en el desequilibrio ciberespacial -- Nietzsche entre la ciencia y el ciberespacio -- El ciberespacio de internet en la República Dominicana -- Antecedentes históricos -- Llegada del ciberespacio de la internet -- Cibercultura dominicana -- La Generación net dominicana -- La generación net y su pasión por las imágenes -- Cibernauta a la dominicana -- Ciberpolítica en la sociedad dominicana -- Discurso ciberpolítico de Leonel Fernández -- Educación a distancia y el ciberespacio de la internet en el sistema educativo público -- Conclusión -- Bibliografía -- Anexos. aInventariado, 2018/VM 4aComunicaciónxAspectos sociales91659 7aTecnología de la información 2LIBRUNAM 988970 7aCambio social2LIBRUNAM 91661 4aInternet9105 aCéspedes, Diógenes,eeditor4ed.986158 aValidado. Control de calidad MFF 2ddccLBS1 00102ddc56708DSaBNPHUbBNPHUcHDd2009-07-17eDepósito Legall0oBNPHU DS 302.23 M559rp498-30r2020-06-25te. 3w2020-06-25yLBS1ZPréstamo en sala 00102ddc56708DSaBNPHUbBNPHUcHDd2013-05-23eDonado por FUNDIl0oBNPHU DS 302.23 M559rp498-40r2020-06-25te. 4w2020-06-25yLBS1ZPréstamo en sala 00102ddc56708DSaBNPHUbBNPHUcHDd2013-09-05eDonado por Federico Henríquez Gratereauxl0oBNPHU DS 302.23 M559rp498-50r2020-06-25te. 5w2020-06-25yLBS1ZPréstamo en sala 00102ddc51708PDaBNPHUbBNPHUcHDd2009-07-17eDepósito Legall0oBNPHU PD 302.23 M559rp498-10r2020-06-25w2020-06-25yLBS1ZNo se presta 00102ddc51708PDaBNPHUbBNPHUcHDd2009-07-17eDepósito Legall0oBNPHU PD 302.23 M559rp498-20r2020-06-25te. 2w2020-06-25yLBS1ZNo se presta c496d496